| 000 | 01029cam a22001814a 4500 | ||
|---|---|---|---|
| 999 |
_c3920 _d3920 |
||
| 020 | _a 9780073527918 | ||
| 020 | _a0073527912 | ||
| 050 |
_aHV9950 _b.B63 2007 |
||
| 100 | _a Bohm, Robert M. | ||
| 245 |
_aIntroduction to criminal justice / _c Robert M. Bohm, Keith N. Haley. |
||
| 250 | _a4th ed. | ||
| 260 |
_aBoston : _b McGraw-Hill, _c2007. |
||
| 300 |
_a1 v. (various pagings) : _b |b ill., col. maps ; _c29 cm. |
||
| 500 | _aIncludes index. | ||
| 505 | _aCrime and justice in the United States -- Crime and its consequences -- Explaining crime -- The rule of law -- History and structure of American law enforcement -- Policing: roles, styles, and functions -- Policing America: issues and ethics -- The administration of justice -- Sentencing, appeals, and the death penalty -- Institutional corrections -- Prison life, inmate rights, release, and recidivism -- Community corrections -- Juvenile justice -- The future of the criminal justice in the United States. | ||
| 650 | _aCriminal law | ||
| 942 | _cBK | ||